Művészet és freudizmus

Elmentve itt :
Bibliográfiai részletek
Szerző: Krausz Katalin
Dokumentumtípus: Cikk
Megjelent: 1999
Sorozat:Iskolakultúra 9 No. 9
Online Access:http://misc.bibl.u-szeged.hu/40471
LEADER 00550nab a2200169 i 4500
001 misc40471
005 20191106140934.0
008 180709s1999 hu o 0|| zxx d
022 |a 1215-5233 
040 |a SZTE Miscellanea Repozitórium  |b hun 
041 |a zxx 
100 1 |a Krausz Katalin 
245 1 0 |a Művészet és freudizmus  |h [elektronikus dokumentum] /  |c  Krausz Katalin 
260 |c 1999 
300 |a 111-117 
490 0 |a Iskolakultúra  |v 9 No. 9 
856 4 0 |u http://misc.bibl.u-szeged.hu/40471/1/EPA00011_iskolakultura_1999_09_111-117.pdf  |z Dokumentum-elérés